Proposals for the Governance Design of the Mission-Driven Startup (notice n° 1728092)
[ vue normale ]
| 000 -LEADER | |
|---|---|
| fixed length control field | 01742cam a2200169 4500500 |
| 005 - DATE AND TIME OF LATEST TRANSACTION | |
| control field | 20260322002948.0 |
| 041 ## - LANGUAGE CODE | |
| Language code of text/sound track or separate title | fre |
| 042 ## - AUTHENTICATION CODE | |
| Authentication code | dc |
| 100 10 - MAIN ENTRY--PERSONAL NAME | |
| Personal name | Cavagna, Numa |
| Relator term | author |
| 245 00 - TITLE STATEMENT | |
| Title | Proposals for the Governance Design of the Mission-Driven Startup |
| 260 ## - PUBLICATION, DISTRIBUTION, ETC. | |
| Date of publication, distribution, etc. | 2025.<br/> |
| 500 ## - GENERAL NOTE | |
| General note | 91 |
| 520 ## - SUMMARY, ETC. | |
| Summary, etc. | Our research article analyzes the governance design of mission-driven start-ups that embed a socio-environmental purpose into their statutes from inception. Drawing on an in-depth case study, it highlights a hybrid governance configuration that combines cognitive levers (strategic guidance, stakeholder alignment) with disciplinary mechanisms (impact reporting, external audits). Three propositions are developed: (1) from the seed capital stage, the purpose exerts pressure on the organization by establishing dedicated oversight structures, thereby reinforcing its disciplinary dimension; (2) the mission acts as a governance mechanism by grading socio-environmental objectives, guiding decision-making, and fostering stakeholder alignment; (3) the publication of annual reports based on specific indicators, and their public dissemination by an independent third-party body (OTI), strengthens both the disciplinary and cognitive functions of governance. A fine-grained analysis of these mechanisms reveals their functional interweaving, enabling the emergence of a formalized cognitive governance structure adapted to the complexity and normative expectations of mission-driven entrepreneurship. |
| 700 10 - ADDED ENTRY--PERSONAL NAME | |
| Personal name | Stéphany, Éric |
| Relator term | author |
| 786 0# - DATA SOURCE ENTRY | |
| Note | Innovations | special issue | HS1 | 2025-10-10 | p. 87-87 | 1267-4982 |
| 856 41 - ELECTRONIC LOCATION AND ACCESS | |
| Uniform Resource Identifier | <a href="https://shs.cairn.info/revue-innovations-2025-HS1-page-87?lang=en&redirect-ssocas=7080">https://shs.cairn.info/revue-innovations-2025-HS1-page-87?lang=en&redirect-ssocas=7080</a> |
Pas d'exemplaire disponible.




Réseaux sociaux